Which Letter Covers the Biggest Area? - Statistics

General Stats
  • This quiz has been taken 71,976 times
    70,990 since last reset
  • The average score is 7 of 10
Answer Stats
km² Letter % Correct
14,982,967 A
90%
24,391,627 C
89%
17,704,975 R
84%
11,319,827 U
78%
11,242,946 B
76%
7,981,676 I
68%
8,487,921 S
63%
8,810,920 M
57%
4,076,328 N
36%
3,817,365 P
29%
No matching quizzes found
Score Distribution
Percent of People with Each Score
Percentile by Number Answered
Your Score History
You have not taken this quiz since the last reset